| 000 | 00555nam a2200193Ia 4500 | ||
|---|---|---|---|
| 005 | 20250508155103.0 | ||
| 008 | 008 250505s9999 xx 000 0 eng d | ||
| 037 | _aBooks to be hide in OPAC | ||
| 040 |
_aFEDL _beng _cFEDL |
||
| 041 |
_aeng _2eng |
||
| 084 |
_a342.73, PAD/O _qFEDL |
||
| 100 | _aPadover Saul K | ||
| 245 | 0 | _aLiving U S constitution : Story. text fullyindexed guide portraits of the signers | |
| 260 | _c1953 | ||
| 300 | _a175p. | ||
| 546 | _aWeeded out | ||
| 942 |
_cHB _h342.73, PAD/O |
||
| 999 |
_c1354039 _d1354039 |
||